|
|
|
|
| LEADER |
00000nab a2200000 ar4500 |
| 001 |
vtls008963517 |
| 003 |
SK-MaSNL |
| 005 |
20260303070751.0 |
| 008 |
070414c20070403xo mr|p|||||||000 b|slo |
| 015 |
|
|
|a SNKBUCL2007/04
|2 snkbucl
|
| 038 |
|
|
|a SNKBUCL
|
| 040 |
|
|
|a SNKBUCL
|b slo
|c SNKBUCL
|e AACR2
|
| 041 |
0 |
|
|a slo
|
| 044 |
|
|
|a xo
|c SK
|
| 080 |
|
|
|a 796.524.071
|2 2001
|
| 080 |
|
|
|a 929 Kopold, Jozef
|2 2001
|
| 100 |
1 |
|
|a Vranka, Milan,
|d 1959-
|4 aut
|9 147240
|
| 245 |
1 |
0 |
|a "Asi mám veľké šťastie ..."
|b už stvornásobný slovenský Horolezec roka Jozef Kopold si pripísal na konto vrchol prvej osemtisícovky
|c Milan Vranka
|
| 300 |
|
|
|b Fotogr.
|
| 600 |
1 |
7 |
|a Kopold, Jozef,
|d 1980-
|2 snkbucl
|9 108206
|
| 650 |
0 |
7 |
|a horolezectvo
|2 snkbucl
|9 1050
|
| 773 |
0 |
|
|t Šport
|g Roč. 61, č. 78 (3.4.2007), s. 31
|x 0139-7001
|
| 852 |
|
|
|a SNK
|b KIS3GCP
|
| 999 |
|
|
|c 1756839
|d 1758769
|